00437nam a22001337a 450000500170000000800410001705000240005824500510008225000110013326000490014430000270019349000230022061000600024320160809115941.0160809b mx ||||| |||| 00| 0 spa d04aNA5257.A2bA26 194500aAcolman :bun convento agustino del siglo XVI  a1a ed. aMéxico, D. F. :bEditorial Atlante,c1945. ap. v. :bil. ;c32 cm.0 aColección Museum20aSan Agustín, Acolman (Monasterio : Acolman, México)